000 00343cam a22001217a 4500
008 180718b2001 xxu||||| |||| 00| 0 eng d
020 _a8187080302
082 _aL2x54 Un3
245 _aTaxation Of Charitable Trusts and Institutions a Study
260 _aNew Delhi
_bFiscal Laws Committee
_c2001
300 _a375p.
650 _aTaxation - India
999 _c503081
_d503081